00919cam a2200217 a 4500001000800000005001700008008004100025020003600066050002100102082002200123100002600145245011600171260003400287300002700321650003900348650003700387700001900424856009600443856008800539856007400627114618620250203205053.0951228s1996 nyu 001 0 eng  a0471147249 (paper : alk. paper)00aKF387b.I78 199600a349.73a347.32201 aIrwin, Robert,d1941-14aThe 90 second lawyer :banswers to common personal and business legal questions /cRobert Irwin, David L. Ganz. aNew York :bJ. Wiley,cc1996. axvii, 302 p. ;c23 cm. 0aLawzUnited StatesxPopular works. 0aLawzUnited StatesxMiscellanea.1 aGanz, David L.423Contributor biographical informationuhttp://www.loc.gov/catdir/bios/wiley041/95054005.html423Publisher descriptionuhttp://www.loc.gov/catdir/description/wiley033/95054005.html4 3Table of Contentsuhttp://www.loc.gov/catdir/toc/onix03/95054005.html